000 00903nam a2200253 a 4500
001 BRCA_5054
005 20190320204924.0
008 081110s1835----gw-#######---#000-0#ger-#
041 _ager
044 _agw
050 4 _aF1213
_b.B75 1835
245 1 0 _aBriefe in die heimath geschrieben zwishen october 1829 und mai 1830 wahrend einer Reise uber Franfreich, England und die Bereinigten Staaten von Nordamerica nach Mexico.
260 _aStuttgart, Alemania
_bCottaschen Buchhandlung
_c1835
300 _ax, 201 p.
_c21 cm.
500 _aEstado físico: Encuadernación deteriorada
500 _aD144
650 1 4 _aViajeros alemanes
_97026
651 4 _aMéxico
_xDescripción y viajes
_9103
651 4 _aFrancia
_xDescripción y viajes
_912896
651 4 _aEstados Unidos
_xDescripción y viajes
_912897
651 4 _aInglaterra
_xDescripción y viajes
_98232
902 _aGFM
942 _2lcc
_cB
999 _c4748
_d4748